Imiona szwajcarskich piłkarzy z gry FIFA 20 - Statystyki

Ogólne statystyki
  • Ten quiz został rozwiązany 150 razy
  • Średni wynik to 6 z 12
Statystyki odpowiedzi
Nazwisko Imię % Poprawnych
Xhaka Granit
89%
Bürki Roman
78%
Sommer Yann
73%
Akanji Manuel
71%
Lichtsteiner Stephan
67%
Schär Fabian
60%
Shaqiri Xherdan
60%
Zakaria Denis
50%
Mbabu Kevin
50%
Rodríguez Ricardo
43%
Embolo Breel
42%
Jevtić Darko
20%
Hitz Marwin
17%
Elvedi Nico
17%
Frei Fabian
14%
Drmić Josip
14%
Lang Michael
14%
Seferović Haris
13%
Mvogo Yvon
13%
Fernandes Gelson
9%
Mehmedi Admir
0%
İnler Danijel
0%
Benaglio Diego
0%
Zuber Steven
0%
Behrami Valon
0%
Nie znaleziono quizów pasujących do podanych kryteriów
Rozkład punktacji
Procent ludzi z każdym wynikiem
Percentyl według liczby udzielonych odpowiedzi
Twoja historia wyników
Nie rozwiązałeś tego quizu